| LEADER |
00791nam0a2200193 450 |
| 001 |
16848135 |
| 010 |
|
|
|a 978-2-914717-28-1
|b Br.
|d 23
|
| 100 |
|
|
|a 20070306d2007 u u0frey01 ba
|
| 101 |
0 |
|
|a fre
|
| 102 |
|
|
|a FR
|
| 200 |
0 |
|
|a Créez vos cosmétiques bio
|f Sylvie Hampikian
|
| 207 |
|
1 |
|a
|
| 215 |
|
|
|a 192 p.
|c ill. en coul.
|d 21 x 15 cm
|
| 300 |
|
|
|a Index. Adresses utiles
|
| 330 |
|
|
|a Guide d'initiation à la cosmétique maison à base de produits naturels : ingrédients (huiles végétales, yaourt, miel...), clés pour réaliser des produits respectant la peau et recettes simples.
|
| 700 |
|
0 |
|a Hampikian
|b Sylvie
|4 70
|
| 900 |
|
|
|a Documentaire
|
| 901 |
|
|
|a Accessible au prêt
|
| 995 |
|
|
|a Bibliothèque
|c Bibliothèque
|f 00156007713829
|h 00156007713829
|k 613.4 HAM
|o p
|q a
|r az
|e Bibliothèque
|